Bhagavad Gita. (Record no. 280057)

MARC details
000 -LEADER
fixed length control field 00425nam a2200181Ia 4500
008 - FIXED-LENGTH DATA ELEMENTS--GENERAL INFORMATION
fixed length control field 090630s9999 xx 000 0 und d
082 ## - DEWEY DECIMAL CLASSIFICATION NUMBER
Item number 28201
100 ## - MAIN ENTRY--PERSONAL NAME
Personal name Yardi M. R.
245 ## - TITLE STATEMENT
Title Bhagavad Gita.
Statement of responsibility, etc Yardi M. R.
260 ## - PUBLICATION, DISTRIBUTION, ETC. (IMPRINT)
Name of publisher, distributor, etc Rairikar S. R.
Date of publication, distribution, etc 2002
300 ## - PHYSICAL DESCRIPTION
Extent 347
600 ## - SUBJECT ADDED ENTRY--PERSONAL NAME
Personal name Yardi M. R.
630 ## - SUBJECT ADDED ENTRY--UNIFORM TITLE
Uniform title Bhagavad Gita.
655 ## - INDEX TERM--GENRE/FORM
Genre/form data or focus term English.
700 ## - ADDED ENTRY--PERSONAL NAME
Personal name Yardi M. R.
730 ## - ADDED ENTRY--UNIFORM TITLE
Uniform title Bhagavad Gita.
942 ## - ADDED ENTRY ELEMENTS (KOHA)
Koha item type Book
Holdings
Withdrawn status Lost status Damaged status Not for loan Home library Current library Date acquired Cost, normal purchase price Total Checkouts Full call number Barcode Date last seen Cost, replacement price Price effective from Koha item type
        Sarvajanik Wachanalaya Shrivardhan Sarvajanik Wachanalaya Shrivardhan   250.00   28201 SAWASHRI-28201 06/30/2009 250.00 06/30/2009 Book